000 00229nam a2200097Ia 4500
008 191206s9999 xx 000 0 und d
020 _a9.78149E+12
090 _aHD69.P75
245 2 _aA guide to project management
260 _cc2015
999 _c15361
_d15361